000 00362nam a2200145Ia 4500
008 230917s9999||||xx |||||||||||||| ||und||
040 _e202552
_aMAIN
041 _aEnglish
082 _a954.5 K824S
100 _aKohli, Sita Ram
245 0 _aSunset of the Sikh empire
260 _aNew Delhi
_bOrient Blackswan
_c2012
300 _axii, 210 p.
942 _cBK
999 _c171551
_d171551